006270000a220020500045001000019000002450073000195000023000926500018001156500009001336500029001426500018001716500029001896500027002186510027002456510023002726530014002956530032003090410013003417730067003541 aSnow, David W.10aUse of Espeletia by paramo hummingbirds in Eastern Andes of Colombia a14aOrnitología14aAves14aRelación planta-animal14aCoevolución14aEcosistemas de Páramos14aHábitos alimentarios 4dCundinamarcadColombia 4dBoyacápColombia gEspeletia gOxypogoneOxypogon guerinii0 aInglés1 tBulletin British Ornithological Club3201h3q89-94d1983g103